[Event "Manaus P10 Challenge 4th"]
[Site "Manaus"]
[Date "2023.12.14"]
[Round "9"]
[White "Barbosa, Celio Oliveira"]
[Black "Farias, Igor Borge Cardoso"]
[Result "1-0"]
[WhiteElo "1856"]
[BlackElo "2002"]
[PlyCount "95"]
[EventDate "2023.12.01"]
[EventType "tourn"]
[EventRounds "9"]
[EventCountry "BRA"]
[SourceTitle "CB51_2023"]
[SourceDate "2023.12.20"]
[SourceVersion "1"]
[SourceVersionDate "2023.12.20"]
[SourceQuality "1"]

1. d4 Nf6 2. c4 b6 3. g3 Bb7 4. Nf3 e6 5. Bg2 d5 6. 0-0 Be7 7. Nc3 0-0 8. Ne5 Nbd7 9. cxd5 Nxd5 10. Nxd5 exd5 11. Nd3 Nf6 12. Bf4 Bd6 13. Rc1 Bxf4 14. Nxf4 Qd6 15. Qc2 c6 16. Nd3 Nd7 17. Rfe1 Rfe8 18. a3 Rac8 19. b4 Ba6 20. e3 Bxd3 21. Qxd3 b5 22. e4 a6 23. e5 Qg6 24. Qc3 Nb6 25. Bh3 Rc7 26. Rc2 Nc4 27. Rce2 Rce7 28. f4 Qh6 29. Bg4 g6 30. Qf3 f5 31. exf6 Nd2 32. Qc3 Rxe2 33. Rxe2 Rxe2 34. Bxe2 Nc4 35. Bxc4 dxc4 36. Qe3 Qf8 37. Qe6+ Qf7 38. Qxc6 h5 39. Kf2 c3 40. Ke3 c2 41. Kd2 Kh7 42. d5 Kh6 43. Kxc2 g5 44. Qe6 Qc7+ 45. Qc6 Qh7+ 46. Kb2 Qd3 47. f7+ Kg7 48. Qc3+ 1-0

[Event "Manaus P10 Challenge 4th"]
[Site "Manaus"]
[Date "2023.12.09"]
[Round "7"]
[White "Farias, Igor Borge Cardoso"]
[Black "Mesquita, Eduardo Barbosa"]
[Result "1-0"]
[WhiteElo "2002"]
[BlackElo "1971"]
[PlyCount "65"]
[EventDate "2023.12.01"]
[EventType "tourn"]
[EventRounds "9"]
[EventCountry "BRA"]
[SourceTitle "CB51_2023"]
[SourceDate "2023.12.20"]
[SourceVersion "1"]
[SourceVersionDate "2023.12.20"]
[SourceQuality "1"]

1. Nf3 d5 2. b3 Nf6 3. Bb2 c5 4. e3 Bg4 5. Be2 e6 6. 0-0 Bd6 7. d4 0-0 8. Nbd2 Nc6 9. dxc5 Bxc5 10. Ne5 Bxe2 11. Qxe2 Qe7 12. Ndf3 Rac8 13. Nxc6 bxc6 14. c4 Rfe8 15. Rac1 Ba3 16. cxd5 cxd5 17. Rxc8 Rxc8 18. Qa6 Bxb2 19. Qxc8+ Ne8 20. Nd4 g6 21. Nc6 Qf8 22. Nxa7 Kg7 23. Nc6 h5 24. a4 h4 25. h3 g5 26. a5 g4 27. hxg4 Kf6 28. Qd8+ Kg6 29. a6 Bf6 30. Qb8 h3 31. gxh3 Qh8 32. Kg2 e5 33. a7 1-0

[Event "Manaus op 2nd"]
[Site "Manaus"]
[Date "2023.10.14"]
[Round "5"]
[White "Zanette, Edgard Vinicius"]
[Black "Farias, Igor Borge Cardoso"]
[Result "0-1"]
[WhiteElo "2106"]
[BlackElo "2031"]
[PlyCount "114"]
[EventDate "2023.10.11"]
[EventType "swiss"]
[EventRounds "9"]
[EventCountry "BRA"]
[SourceTitle "Mega2024 Update 01"]
[Source "Chessbase"]
[SourceDate "2023.11.12"]
[SourceVersion "1"]
[SourceVersionDate "2023.11.12"]
[SourceQuality "1"]

1. e4 c5 2. Nf3 d6 3. Bb5+ Bd7 4. Bxd7+ Nxd7 5. 0-0 Ngf6 6. Re1 g6 7. c3 Bg7 8. d4 cxd4 9. cxd4 e5 10. Nc3 0-0 11. dxe5 Nxe5 12. Bg5 Nxf3+ 13. Qxf3 h6 14. Bh4 g5 15. Bg3 Qb6 16. Re2 Rfe8 17. Rae1 Re6 18. h3 Rae8 19. Qd3 Nh5 20. Nd5 Qa6 21. Qf3 Nxg3 22. fxg3 Qxa2 23. Kh2 Qc4 24. b3 Qc5 25. Rf1 Rf8 26. Ne3 Rf6 27. Nf5 Kh7 28. Qd3 Qe5 29. Rd1 Ra8 30. Qc2 d5 31. Nxg7 Kxg7 32. exd5 Qf5 33. Qxf5 Rxf5 34. d6 Rb5 35. Rd3 Rb6 36. d7 Re6 37. Rc2 Rc6 38. Rxc6 bxc6 39. g4 f6 40. Rd6 Kf7 41. Rxc6 Ke7 42. Ra6 Rd8 43. Kg3 Rxd7 44. b4 Rb7 45. b5 Kf7 46. Ra4 Ke6 47. Kf3 Kd5 48. Ra6 Rf7 49. g3 Kc4 50. Ke4 Kb4 51. Kf5 Kxb5 52. Ra2 a5 53. Kg6 Rf8 54. Kg7 Re8 55. Kh7 Re3 56. Kg6 Rxg3 57. Kxf6 Rxh3 0-1

[Event "Manaus op 2nd"]
[Site "Manaus"]
[Date "2023.10.12"]
[Round "2"]
[White "Farias, Igor Borge Cardoso"]
[Black "Macedo, Yan Emanuel Porto"]
[Result "1-0"]
[WhiteElo "2031"]
[BlackElo "1712"]
[PlyCount "127"]
[EventDate "2023.10.11"]
[EventType "swiss"]
[EventRounds "9"]
[EventCountry "BRA"]
[SourceTitle "Mega2024 Update 01"]
[Source "Chessbase"]
[SourceDate "2023.11.12"]
[SourceVersion "1"]
[SourceVersionDate "2023.11.12"]
[SourceQuality "1"]

1. Nf3 Nf6 2. g3 g6 3. Bg2 Bg7 4. 0-0 0-0 5. Nc3 d6 6. d4 c6 7. e4 Nbd7 8. h3 e5 9. Be3 Re8 10. dxe5 dxe5 11. Qe2 Qe7 12. Nd2 Nf8 13. Nb3 b6 14. Qc4 Qe6 15. Qa4 Bd7 16. Rfd1 Reb8 17. Qa6 Bc8 18. Qe2 Qe7 19. Rd2 a5 20. Na4 N8d7 21. a3 Ba6 22. c4 b5 23. Nac5 bxc4 24. Nxa6 Rxb3 25. Qxc4 Qe6 26. Qxe6 fxe6 27. Nc7 Rab8 28. Nxe6 Rxb2 29. Nxg7 Kxg7 30. Rc1 Rxd2 31. Bxd2 c5 32. Be3 Rc8 33. f3 Kf7 34. Kf2 Ne8 35. Bf1 Nd6 36. h4 c4 37. Bh3 Ke8 38. Rd1 Rc6 39. Rd5 c3 40. Bf1 c2 41. Bc1 Nc5 42. Rxe5+ Kf7 43. Rd5 Nb3 44. Rxd6 Rxd6 45. Bc4+ Ke8 46. Bxb3 Rd1 47. Bxc2 Rxc1 48. Bd3 Ke7 49. a4 Ra1 50. Bb5 Rb1 51. Ke3 Rb3+ 52. Kf4 Rxb5 53. axb5 a4 54. b6 Kd8 55. e5 a3 56. e6 a2 57. b7 Kc7 58. e7 a1Q 59. b8Q+ Kxb8 60. e8Q+ Kb7 61. Qb5+ Ka7 62. Qe5 Qa4+ 63. Kg5 Qd7 64. Kh6 1-0

[Event "Manaus Aquecimento op"]
[Site "Manaus"]
[Date "2022.08.07"]
[Round "5"]
[White "De Oliveira, Victor Gabriel C"]
[Black "Farias, Igor Borge Cardoso"]
[Result "1/2-1/2"]
[WhiteElo "2170"]
[BlackElo "1896"]
[PlyCount "57"]
[EventDate "2022.08.05"]
[EventType "swiss"]
[EventRounds "5"]
[EventCountry "BRA"]
[SourceTitle "EXT 2024"]
[Source "ChessBase"]
[SourceDate "2023.10.10"]
[SourceVersion "1"]
[SourceVersionDate "2023.10.10"]
[SourceQuality "1"]

1. e4 c5 2. Nf3 d6 3. d4 cxd4 4. Nxd4 Nf6 5. Nc3 a6 6. Be2 e5 7. Nb3 Be6 8. 0-0 Be7 9. f4 exf4 10. Nd4 b5 11. Nxe6 fxe6 12. Bh5+ g6 13. Bg4 e5 14. Be6 Nbd7 15. Nd5 Nxd5 16. Qxd5 Rf8 17. Rf3 Rc8 18. c3 Qc7 19. Kh1 Qc4 20. Qb7 Rc7 21. Qa8+ Rc8 22. Qxa6 Qc6 23. Qxc6 Rxc6 24. Rf1 Nf6 25. Re1 Bd8 26. a4 Ra6 27. Bb3 Ke7 28. Bd2 Bb6 29. c4 1/2-1/2

[Event "Manaus Amazonense Cup"]
[Site "Manaus"]
[Date "2022.08.04"]
[Round "10"]
[White "Da Paz, Leonardo Gadelha"]
[Black "Farias, Igor Borge Cardoso"]
[Result "1/2-1/2"]
[WhiteElo "2033"]
[BlackElo "1896"]
[PlyCount "120"]
[EventDate "2022.07.06"]
[EventType "tourn"]
[EventRounds "11"]
[EventCountry "BRA"]
[SourceTitle "EXT 2023"]
[Source "ChessBase"]
[SourceDate "2022.10.05"]
[SourceVersion "1"]
[SourceVersionDate "2022.10.05"]
[SourceQuality "1"]

1. d4 Nf6 2. c4 g6 3. Nc3 Bg7 4. e4 d6 5. Nge2 0-0 6. Ng3 e5 7. d5 Ne8 8. h4 h5 9. Bg5 Bf6 10. Qd2 Bxg5 11. hxg5 f6 12. gxf6 Qxf6 13. f3 Qf4 14. Qxf4 Rxf4 15. Bd3 Na6 16. Nce2 Rf6 17. Kd2 Nc5 18. b4 Nxd3 19. Kxd3 a5 20. a3 b6 21. Ke3 Ba6 22. b5 Bc8 23. Raf1 Ng7 24. f4 exf4+ 25. Rxf4 Rxf4 26. Kxf4 Bg4 27. Kg5 Bxe2 28. Nxe2 Re8 29. Nf4 Rxe4 30. Nxg6 Rg4+ 31. Kh6 Nf5+ 32. Kxh5 Rxg2 33. Re1 Kf7 34. Nf4 Rg8 35. Nh3 Rh8+ 36. Kg5 Rxh3 37. Kxf5 Rxa3 38. Rh1 Ke7 39. Rh7+ Kd8 40. Rh8+ Kd7 41. Rh7+ Kc8 42. Rh8+ Kb7 43. Ke4 Ra1 44. Kd3 Rg1 45. Kc3 Rg3+ 46. Kc2 a4 47. Rh4 a3 48. Re4 a2 49. Re1 Ra3 50. Kb2 Ra4 51. Ra1 Rxc4 52. Kb3 Rd4 53. Rxa2 Rxd5 54. Kb4 c6 55. bxc6+ Kxc6 56. Rc2+ Rc5 57. Rh2 b5 58. Rh4 Rc1 59. Rh5 Rc4+ 60. Kb3 d5 1/2-1/2

[Event "Manaus Amazonense Cup"]
[Site "Manaus"]
[Date "2022.08.03"]
[Round "9"]
[White "Farias, Igor Borge Cardoso"]
[Black "De Souza, Etemberg Monteiro"]
[Result "1-0"]
[WhiteElo "1896"]
[BlackElo "1882"]
[PlyCount "99"]
[EventDate "2022.07.06"]
[EventType "tourn"]
[EventRounds "11"]
[EventCountry "BRA"]
[SourceTitle "EXT 2023"]
[Source "ChessBase"]
[SourceDate "2022.10.05"]
[SourceVersion "1"]
[SourceVersionDate "2022.10.05"]
[SourceQuality "1"]

1. e4 c5 2. c4 g6 3. Nc3 Bg7 4. Nge2 Nf6 5. g3 0-0 6. Bg2 d6 7. 0-0 Nbd7 8. f4 Rb8 9. d3 a6 10. a4 b6 11. h3 Bb7 12. g4 Kh8 13. Ng3 e6 14. g5 Ng8 15. f5 Bd4+ 16. Kh1 exf5 17. exf5 Bxg2+ 18. Kxg2 Qc7 19. Nd5 Qb7 20. f6 Ngxf6 21. gxf6 Nxf6 22. Qf3 Nxd5 23. Qxd5 Qxd5+ 24. cxd5 f5 25. Bf4 Bxb2 26. Bxd6 Bxa1 27. Rxa1 Kg7 28. Bxb8 Rxb8 29. Re1 Kf7 30. Kf3 b5 31. axb5 axb5 32. Rc1 Rc8 33. Ne2 Kf6 34. Nd4 Ke5 35. Nxb5 Kxd5 36. Rc4 g5 37. Nc3+ Kd6 38. d4 h5 39. Na4 g4+ 40. hxg4 fxg4+ 41. Kg3 Ra8 42. dxc5+ Kc6 43. Rb4 Rf8 44. Rb6+ Kc7 45. Rh6 Rf3+ 46. Kg2 Rh3 47. Nb6 h4 48. Nd5+ Kd8 49. c6 Rd3 50. Rh8# 1-0

[Event "Manaus Amazonense Cup"]
[Site "Manaus"]
[Date "2022.07.27"]
[Round "7"]
[White "Farias, Igor Borge Cardoso"]
[Black "Mesquita, Eduardo Barbosa"]
[Result "1-0"]
[WhiteElo "1896"]
[BlackElo "1681"]
[PlyCount "120"]
[EventDate "2022.07.06"]
[EventType "tourn"]
[EventRounds "11"]
[EventCountry "BRA"]
[SourceTitle "EXT 2023"]
[Source "ChessBase"]
[SourceDate "2022.10.05"]
[SourceVersion "1"]
[SourceVersionDate "2022.10.05"]
[SourceQuality "1"]

1. e4 c5 2. c4 Nc6 3. Nc3 Nf6 4. g3 e6 5. Bg2 Be7 6. Nge2 0-0 7. 0-0 d6 8. f4 Qc7 9. h3 a6 10. a4 b6 11. d3 Bb7 12. g4 h6 13. Ng3 Nd7 14. Be3 Rfd8 15. Qd2 Nd4 16. Rae1 Bh4 17. Bf2 Nf6 18. Nh5 Bxf2+ 19. Qxf2 Nxh5 20. gxh5 Re8 21. Kh1 f5 22. Qg3 Rf8 23. Rf2 Qf7 24. Qh4 Rad8 25. Rg1 Kh8 26. Kh2 Rd7 27. Bh1 Qf6 28. Qxf6 Rxf6 29. Nd1 Bc6 30. Nc3 Rf8 31. Rg6 Rdf7 32. exf5 Bxh1 33. fxe6 Re7 34. Kxh1 Nxe6 35. Re2 Rxf4 36. Rgxe6 Ref7 37. Nd5 Rh4 38. Kg2 Rxh5 39. Rxd6 Rg5+ 40. Kh2 Rf3 41. Rg2 Rh5 42. Rg3 Rf2+ 43. Kg1 Rxb2 44. Rxb6 Ra2 45. Rb8+ Kh7 46. Rb7 Rg5 47. Rxg5 hxg5 48. Rc7 Rxa4 49. Rxc5 Ra1+ 50. Kf2 a5 51. Nc3 a4 52. d4 Ra3 53. Ne4 Ra2+ 54. Kg3 a3 55. Nxg5+ Kg6 56. Nf3 Ra1 57. Ra5 a2 58. Kf4 Kf6 59. Ra6+ Ke7 60. d5 Kd7 1-0

[Event "BRA-ch 87th"]
[Site "Cuiaba"]
[Date "2021.11.01"]
[Round "7"]
[White "Farias, Igor Borge Cardoso"]
[Black "Da Rosa, Henrique Jaze Simoe"]
[Result "0-1"]
[WhiteElo "1889"]
[BlackElo "1788"]
[PlyCount "78"]
[EventDate "2021.10.28"]
[EventType "swiss"]
[EventRounds "11"]
[EventCountry "BRA"]
[SourceTitle "CBM 205 Extra"]
[Source "ChessBase"]
[SourceDate "2022.01.31"]
[SourceVersion "1"]
[SourceVersionDate "2022.01.31"]
[SourceQuality "1"]

1. Nf3 d5 2. d4 Nf6 3. g3 Bf5 4. Bg2 e6 5. 0-0 h6 6. b3 Bd6 7. Bb2 0-0 8. Nbd2 Nbd7 9. c4 c6 10. c5 Bc7 11. b4 a6 12. Re1 Re8 13. Nh4 Bh7 14. f4 Ne4 15. Bxe4 dxe4 16. Ng2 Nf6 17. Ne3 Nd5 18. Qb3 h5 19. Nxd5 exd5 20. e3 Qd7 21. Qd1 Qh3 22. Qe2 Bf5 23. Qg2 Qg4 24. Kf2 h4 25. Rg1 h3 26. Qf1 Qh5 27. Qd1 Bg4 28. Qb3 g5 29. fxg5 Qxg5 30. Raf1 Re6 31. Ke1 a5 32. a3 axb4 33. axb4 Ra2 34. Rf4 Bxf4 35. exf4 Rxb2 36. Qxb2 Qf5 37. Rf1 e3 38. Nf3 Qd3 39. Rg1 Bxf3 0-1

[Event "BRA-ch 87th"]
[Site "Cuiaba"]
[Date "2021.10.29"]
[Round "2"]
[White "Oliveira, Leonardo Tadeu De A"]
[Black "Farias, Igor Borge Cardoso"]
[Result "1-0"]
[WhiteElo "2121"]
[BlackElo "1889"]
[PlyCount "93"]
[EventDate "2021.10.28"]
[EventType "swiss"]
[EventRounds "11"]
[EventCountry "BRA"]
[SourceTitle "CBM 205 Extra"]
[Source "ChessBase"]
[SourceDate "2022.01.31"]
[SourceVersion "1"]
[SourceVersionDate "2022.01.31"]
[SourceQuality "1"]

1. e4 c5 2. Nf3 d6 3. d4 cxd4 4. Nxd4 Nf6 5. Nc3 a6 6. Bg5 e6 7. f4 Be7 8. Qf3 Qc7 9. 0-0-0 Nbd7 10. g4 b5 11. Bxf6 Nxf6 12. g5 Nd7 13. f5 Bxg5+ 14. Kb1 Ne5 15. Qh5 Bf6 16. fxe6 g6 17. exf7+ Qxf7 18. Qh6 Bg7 19. Qd2 Bg4 20. Be2 Bxe2 21. Qxe2 0-0 22. Nd5 Nc4 23. Rhe1 Qf2 24. c3 Qh4 25. Rf1 Rxf1 26. Rxf1 Qxe4+ 27. Qxe4 Nd2+ 28. Kc2 Nxe4 29. Ne7+ Kh8 30. Re1 Ng5 31. Ndc6 Nf3 32. Re3 Rf8 33. Kb3 Nd2+ 34. Kc2 Nc4 35. Re2 Rf3 36. Nd5 Be5 37. b3 Na3+ 38. Kb2 Rd3 39. Nxe5 Rxd5 40. Nd7 b4 41. cxb4 Nb5 42. Re7 Rd2+ 43. Kb1 Rxh2 44. a4 Nc3+ 45. Kc1 g5 46. Nf6 h6 47. Rh7# 1-0

[Event "Amazonense-ch"]
[Site "Manaus"]
[Date "2018.12.??"]
[Round "9"]
[White "Farias, Igor Borge Cardoso"]
[Black "De Oliveira, Victor Gabriel C"]
[Result "0-1"]
[WhiteElo "1889"]
[BlackElo "2109"]
[PlyCount "54"]
[EventDate "2018.12.01"]
[EventType "match"]
[EventRounds "9"]
[EventCountry "BRA"]
[SourceTitle "EXT 2022"]
[Source "ChessBase"]
[SourceDate "2021.10.06"]
[SourceVersion "1"]
[SourceVersionDate "2021.10.06"]
[SourceQuality "1"]

1. Nf3 Nf6 2. g3 b5 3. Bg2 Bb7 4. 0-0 e6 5. b3 Be7 6. Bb2 0-0 7. d3 d5 8. Nbd2 c5 9. e3 Nbd7 10. c4 Qb6 11. Rb1 Rfd8 12. Qe2 a5 13. a4 bxa4 14. bxa4 Qa6 15. Bc3 Bc6 16. Nb3 dxc4 17. dxc4 Be4 18. Rbd1 Nb6 19. Bxa5 Rxd1 20. Rxd1 Nxc4 21. Be1 Qxa4 22. Nxc5 Bxc5 23. Rc1 Bd5 24. e4 Nxe4 25. Nh4 Ncd6 26. Kh1 Qa7 27. Qc2 Bxf2 0-1

[Event "Manaus Regional Norte-ch"]
[Site "Manaus"]
[Date "2018.10.13"]
[Round "5"]
[White "Farias, Igor Borge Cardoso"]
[Black "De Oliveira, Victor Gabriel C"]
[Result "1/2-1/2"]
[WhiteElo "1856"]
[BlackElo "2103"]
[PlyCount "82"]
[EventDate "2018.10.11"]
[EventType "swiss"]
[EventRounds "7"]
[EventCountry "BRA"]
[SourceTitle "CBM 186 Extra"]
[Source "ChessBase"]
[SourceDate "2018.08.24"]
[SourceVersion "1"]
[SourceVersionDate "2018.08.24"]
[SourceQuality "1"]

1. Nf3 Nf6 2. g3 b6 3. Bg2 Bb7 4. 0-0 c5 5. b3 e6 6. Bb2 Be7 7. d3 d5 8. Nbd2 0-0 9. e3 Nc6 10. Ne5 Rc8 11. f4 Nxe5 12. Bxe5 Nd7 13. Bb2 Bf6 14. Bxf6 Qxf6 15. c4 Rfd8 16. Qe2 Nf8 17. Nf3 Ng6 18. Rad1 Rc7 19. e4 dxe4 20. dxe4 Rcd7 21. Rxd7 Rxd7 22. e5 Qd8 23. Rf2 Ne7 24. Nd2 Nc6 25. Ne4 Rd1+ 26. Rf1 Qd4+ 27. Kh1 Rxf1+ 28. Qxf1 Nxe5 29. Nxc5 Bxg2+ 30. Qxg2 Ng6 31. Ne4 Qa1+ 32. Qg1 Qxa2 33. Qd1 Nf8 34. Qd3 h6 35. Nd6 Qf2 36. Nc8 Nd7 37. h3 Nf8 38. Ne7+ Kh8 39. Qd8 Qf1+ 40. Kh2 Qf2+ 41. Kh1 Qf1+ 1/2-1/2

[Event "Manaus Regional Norte-ch"]
[Site "Manaus"]
[Date "2018.10.12"]
[Round "3"]
[White "Farias, Igor Borge Cardoso"]
[Black "Lima, Joao Victor de Siqu"]
[Result "1-0"]
[WhiteElo "1856"]
[BlackElo "1800"]
[PlyCount "55"]
[EventDate "2018.10.11"]
[EventType "swiss"]
[EventRounds "7"]
[EventCountry "BRA"]
[SourceTitle "CBM 186 Extra"]
[Source "ChessBase"]
[SourceDate "2018.08.24"]
[SourceVersion "1"]
[SourceVersionDate "2018.08.24"]
[SourceQuality "1"]

1. c4 Nf6 2. Nf3 g6 3. g3 Bg7 4. Bg2 0-0 5. 0-0 e6 6. Nc3 d6 7. d4 c6 8. e4 h6 9. h3 Nbd7 10. Bf4 Nb6 11. b3 Re8 12. Rc1 Nh5 13. Be3 d5 14. cxd5 cxd5 15. e5 Bh8 16. g4 Ng7 17. Bxh6 f6 18. exf6 Qxf6 19. Bg5 Qf7 20. Ne5 Qf8 21. Nxg6 Qf7 22. Ne5 Qf8 23. Nb5 a6 24. Nc7 Bd7 25. Nxa8 Rxa8 26. Rc7 Bc8 27. Re7 Ne8 28. Ng6 1-0

[Event "Manaus Regional Norte-ch"]
[Site "Manaus"]
[Date "2017.09.09"]
[Round "4"]
[White "Rodrigues, Giorgy Friedman B"]
[Black "Farias, Igor Borge Cardoso"]
[Result "1-0"]
[WhiteElo "2080"]
[BlackElo "1872"]
[PlyCount "61"]
[EventDate "2017.09.07"]
[EventType "swiss"]
[EventRounds "7"]
[EventCountry "BRA"]
[SourceTitle "CBM 180 Extra"]
[Source "ChessBase"]
[SourceDate "2017.10.06"]
[SourceVersion "1"]
[SourceVersionDate "2017.10.06"]
[SourceQuality "1"]

1. e4 c5 2. Nf3 d6 3. d4 cxd4 4. Nxd4 Nf6 5. Nc3 a6 6. Be2 e5 7. Nb3 Be7 8. Be3 0-0 9. g4 Be6 10. g5 Nfd7 11. Qd2 Nb6 12. 0-0-0 Nc4 13. Bxc4 Bxc4 14. h4 b5 15. Nd5 Bxd5 16. Qxd5 Nd7 17. f4 exf4 18. Bxf4 Nb6 19. Qd3 Nc4 20. Nd4 Ne5 21. Qg3 Qc7 22. h5 Rac8 23. Rh2 Qc4 24. Kb1 Nc6 25. b3 Qc5 26. Nf5 Rfd8 27. Rd5 Qb4 28. g6 fxg6 29. hxg6 h6 30. Bxh6 Qxe4 31. Bxg7 1-0

[Event "Manaus Regional Norte-ch"]
[Site "Manaus"]
[Date "2017.09.07"]
[Round "2"]
[White "Mousse Neto, Sebastiao Alberto"]
[Black "Farias, Igor Borge Cardoso"]
[Result "1-0"]
[WhiteElo "2091"]
[BlackElo "1872"]
[PlyCount "101"]
[EventDate "2017.09.07"]
[EventType "swiss"]
[EventRounds "7"]
[EventCountry "BRA"]
[SourceTitle "CBM 180 Extra"]
[Source "ChessBase"]
[SourceDate "2017.10.06"]
[SourceVersion "1"]
[SourceVersionDate "2017.10.06"]
[SourceQuality "1"]

1. d4 Nf6 2. c4 g6 3. Nc3 Bg7 4. Bf4 0-0 5. Nf3 d6 6. e3 Bf5 7. Be2 Re8 8. 0-0 h6 9. h3 g5 10. Bh2 Nbd7 11. Rc1 c6 12. d5 Ne4 13. Nd4 Nxc3 14. bxc3 Bxd4 15. exd4 Nf6 16. f4 e6 17. fxg5 hxg5 18. dxe6 fxe6 19. Bd3 Qd7 20. Qd2 Nh7 21. g4 Bxd3 22. Qxd3 Rad8 23. c5 e5 24. Qc2 exd4 25. cxd4 dxc5 26. Be5 Re6 27. Qxc5 b6 28. Qc3 Qd5 29. Rf5 Rf8 30. Qe3 Rxf5 31. gxf5 Rh6 32. Qb3 Qxb3 33. axb3 Kf7 34. Kg2 Ke7 35. b4 Kd7 36. Ra1 a5 37. bxa5 bxa5 38. Rxa5 Nf6 39. Ra7+ Kd8 40. Rg7 Ne4 41. Kf3 Nd2+ 42. Ke3 Nc4+ 43. Kd3 Nxe5+ 44. dxe5 Rxh3+ 45. Kd4 Rh5 46. Kc5 g4 47. Kd6 Ke8 48. Ke6 Kf8 49. Rxg4 Rh7 50. f6 c5 51. Ra4 1-0

[Event "Manaus Amazonia-ch"]
[Site "Manaus"]
[Date "2017.04.15"]
[Round "4"]
[White "Leite, Thales Ferreira"]
[Black "Farias, Igor Borge Cardoso"]
[Result "1/2-1/2"]
[WhiteElo "1830"]
[BlackElo "1872"]
[PlyCount "53"]
[EventDate "2017.04.13"]
[EventType "swiss"]
[EventRounds "7"]
[EventCountry "BRA"]
[SourceTitle "CBM 177 Extra"]
[Source "ChessBase"]
[SourceDate "2017.04.27"]
[SourceVersion "1"]
[SourceVersionDate "2017.04.27"]
[SourceQuality "1"]

1. e4 c5 2. Nf3 d6 3. d4 cxd4 4. Nxd4 Nf6 5. Nc3 a6 6. a3 e5 7. Nf5 Bxf5 8. exf5 d5 9. Bg5 d4 10. Bxf6 Qxf6 11. Nd5 Qc6 12. c4 Nd7 13. Bd3 Nf6 14. Qf3 Nxd5 15. cxd5 Qd6 16. 0-0 Be7 17. Rac1 0-0 18. Rc4 Rac8 19. Rxc8 Rxc8 20. f6 Bxf6 21. Bxh7+ Kf8 22. Be4 Ke7 23. Qh3 Rc7 24. Re1 Qd7 25. Qg3 g5 26. Qf3 Qd6 27. Qg4 1/2-1/2

[Event "Belem FEXPA op 1st"]
[Site "Belem"]
[Date "2017.02.05"]
[Round "6"]
[White "Leao, Marcos Jose"]
[Black "Farias, Igor Borge Cardoso"]
[Result "0-1"]
[WhiteElo "1873"]
[BlackElo "1860"]
[PlyCount "68"]
[EventDate "2017.02.03"]
[EventType "swiss"]
[EventRounds "6"]
[EventCountry "BRA"]
[SourceTitle "CBM 176 Extra"]
[Source "ChessBase"]
[SourceDate "2017.03.02"]
[SourceVersion "1"]
[SourceVersionDate "2017.03.02"]
[SourceQuality "1"]

1. e4 c5 2. Nf3 d6 3. d4 cxd4 4. Nxd4 Nf6 5. Nc3 a6 6. Be2 e5 7. Nb3 Be7 8. Be3 Be6 9. Qd2 0-0 10. f4 b5 11. Bf3 Nbd7 12. 0-0 Nb6 13. Qf2 Nc4 14. f5 Nxe3 15. Qxe3 Bc4 16. Rfd1 Rc8 17. Nd2 d5 18. Qe1 d4 19. Ncb1 Qb6 20. Kh1 b4 21. Nxc4 Rxc4 22. Rd2 Rfc8 23. Bd1 Qb7 24. b3 R4c7 25. Re2 Ng4 26. Nd2 Ne3 27. Rxe3 dxe3 28. Qxe3 Bc5 29. Qf3 Bd4 30. Rc1 Rc3 31. Qg4 f6 32. Nc4 Be3 33. Nd6 Qc7 34. Nxc8 Bxc1 0-1

[Event "Belem FEXPA op 1st"]
[Site "Belem"]
[Date "2017.02.04"]
[Round "3"]
[White "Farias, Igor Borge Cardoso"]
[Black "Da Silva, Mikhail Zoltan Iwan"]
[Result "1/2-1/2"]
[WhiteElo "1860"]
[BlackElo "1939"]
[PlyCount "20"]
[EventDate "2017.02.03"]
[EventType "swiss"]
[EventRounds "6"]
[EventCountry "BRA"]
[SourceTitle "CBM 176 Extra"]
[Source "ChessBase"]
[SourceDate "2017.03.02"]
[SourceVersion "1"]
[SourceVersionDate "2017.03.02"]
[SourceQuality "1"]

1. c4 e5 2. g3 Nf6 3. Bg2 d5 4. cxd5 Nxd5 5. Nc3 Nb6 6. Nf3 Nc6 7. 0-0 Be7 8. d3 0-0 9. a3 Be6 10. b4 a6 1/2-1/2

[Event "Manauara Benchimol Memorial"]
[Site "Manauara"]
[Date "2016.07.30"]
[Round "4"]
[White "Farias, Igor Borge Cardoso"]
[Black "Reis, Renan do Carmo"]
[Result "0-1"]
[WhiteElo "1837"]
[BlackElo "2237"]
[PlyCount "60"]
[EventDate "2016.07.28"]
[EventType "swiss"]
[EventRounds "6"]
[EventCountry "BRA"]
[SourceTitle "CBM 173 Extra"]
[Source "ChessBase"]
[SourceDate "2016.08.29"]
[SourceVersion "1"]
[SourceVersionDate "2016.08.29"]
[SourceQuality "1"]

1. c4 e5 2. g3 Nc6 3. Bg2 g6 4. Nc3 Bg7 5. Nf3 Nge7 6. 0-0 0-0 7. e3 d6 8. d4 exd4 9. exd4 Bg4 10. Ne2 Qd7 11. Be3 Rfe8 12. Qd2 Nf5 13. Rae1 Re7 14. Bg5 Bxf3 15. Bxf3 Ncxd4 16. Bxb7 Rxe2 17. Rxe2 c6 18. Bxa8 Nf3+ 19. Kg2 Nxd2 20. Bxd2 Nd4 21. Re3 Qc8 22. Rfe1 Ne6 23. Bb4 Qxa8 24. Bxd6 c5+ 25. Kg1 Qc6 26. Bb8 Bxb2 27. Rb3 Bd4 28. Bxa7 Ng5 29. Rb8+ Kg7 30. Ree8 Qf3 0-1